000 00748nam a2200241 i 4500
001 178080
003 ES-MaACL
005 20230906220457.0
007 t|
008 110517s1961 sp r ||||1| spa d
080 _a27-31
100 1 _aBonnefoy, Giovanni Francesco.
_9146554
245 1 3 _aEl Primado de Cristo /
_cJ. F. Bonnefoy ; [traducción de Joaquín Blázquez].
260 _aBarcelona :
_bHerder,
_c1961.
300 _a160 p. ;
_c18 cm.
490 1 _aPequeña biblioteca Herder ;
_v3
504 _aBibliografía: p. 150-160.
650 0 4 _aCristología.
_911443
700 1 _aBlázquez, Joaquín.
_929440
830 0 _aPequeña biblioteca Herder ;
_v3
_9190720
852 _aES-MaACL
_jE-15115
_xOlim P-274
999 _c178080
_d178080